| 000 | 00480nam a2200205Ia 4500 | ||
|---|---|---|---|
| 003 | 0100 | ||
| 008 | 130303s9999 xx 000 0 und d | ||
| 020 | _a0872205754 | ||
| 040 | _cARRUPELIB | ||
| 050 | _aB243.K34 | ||
| 100 | _aKahn, Charles H. | ||
| 245 | _aPythagoras and the Pythagoreans | ||
| 245 | _ba brief history | ||
| 260 | _aIndianapolis | ||
| 260 | _bHackett Publishing Company | ||
| 260 | _C2001 | ||
| 300 | _a195p. | ||
| 300 | _b 23 cm | ||
| 942 |
_2lcc _05 |
||
| 999 |
_c64498 _d64498 |
||